| 000 | 01098nam a2200193 a 4500 | ||
|---|---|---|---|
| 008 | 100113s1986 ||||||||||||||||| || u | ||
| 050 | _aCTA(02) | ||
| 110 | _aTechnical Centre for Agricultural and Rural Cooperation (CTA) | ||
| 245 | 1 | 0 |
_aProceedings of the conference of Ministers on the realization of Africa's potential for food production, Amsterdam, the Netherlands, 19-22 november 1985. _cThe Technical Centre for Agricultural and Rural Cooperation(CTA) |
| 246 | _aActes dela conference des Ministres sur la realisation du potentiel de production alimentaire de i'Afrique, Amsterdam, pays-bas, 19-22 novembre 1985. | ||
| 260 |
_aEde, Wageningen: _bCTA _c1986 |
||
| 300 | _a157p.: ill. | ||
| 350 | _a0.00 | ||
| 490 | _aThe Technical Centre for Agricultural and Rural Cooperation(CTA) | ||
| 650 | _aAGRICULTURE | ||
| 650 | _aFOOD AND AGRICULTURE--RESEARCH | ||
| 650 | _aFOOD SUPPLY--INTERNATIONAL COOPERATIONS--CONGRESSES | ||
| 995 |
_D0.00 _FCBU-MAIN LIBRARY (Kitwe) _H1 _I0.00 _M1 _UAVAILABLE _WJan 13, 2010 _ZInternational Publications |
||
| 999 |
_c54824 _d54824 |
||